[Event "8th Asian Continental Open"]
[Site "Subic Bay PHI"]
[Date "2009.05.16"]
[Round "4"]
[White "Nguyen,T"]
[Black "Olay,E"]
[Result "1-0"]
[WhiteElo "1990"]
[BlackElo "2348"]

1.Nf3 d5 2.g3 Nf6 3.Bg2 c6 4.O-O e6 5.b3 Be7 6.c4 O-O 7.d4 Nbd7 8.Qc2 b6
9.Nc3 Ba6 10.Bb2 Rc8 11.Rfd1 Qc7 12.e4 dxc4 13.e5 Nd5 14.bxc4 Bxc4 15.Ne4 Ba6
16.Neg5 g6 17.Qe4 Kg7 18.h4 h6 19.Nh3 c5 20.h5 c4 21.hxg6 fxg6 22.Nh4 Bxh4
23.Qxh4 Qd8 24.Qg4 c3 25.Ba3 Rf5 26.Bxd5 c2 27.Bxe6 h5 28.Qe4 cxd1=Q+ 29.Rxd1 Rc3
30.Bxf5 gxf5 31.Qxf5 Rxa3 32.Ng5 Nf8 33.Qf7+ Kh8 34.e6 Qd6 35.Ne4 Qb4 36.Nf6  1-0

[Event "8th Asian Continental Open"]
[Site "Subic Bay PHI"]
[Date "2009.05.16"]
[Round "4"]
[White "Wahono,A"]
[Black "Megaranto,S"]
[Result "1/2-1/2"]
[WhiteElo "2391"]
[BlackElo "2553"]

1.Nf3 d5 2.g3 c6 3.Bg2 Bf5 4.O-O e6 5.d3 h6 6.b3 Nf6 7.Bb2 Be7 8.Nbd2 O-O
9.Ne5 Nbd7 10.e4 Bh7 11.Nxd7 Nxd7 12.f4 dxe4 13.Nxe4 Nf6 14.Kh1 Nxe4 15.dxe4 Qxd1
16.Raxd1 Rfd8 17.Bf3 Kf8 18.Kg2 Rxd1 19.Rxd1 Rd8 20.Rxd8+ Bxd8 21.Bd4 Bb6
22.c3 f6 23.Bxb6 axb6 24.e5 Bb1 25.a3 fxe5 26.fxe5 Ke7 27.Kf2 Bf5 28.Ke3 Kd7
29.b4 Kc7 30.Kd4 Bc2 31.c4 Bf5 32.Bd1 Bh3 33.a4 Bf5 34.c5 bxc5+ 35.Kxc5 Be4
36.a5 Bd5 37.Be2 Be4 38.Bc4 Bd5 39.b5 Bxc4 40.b6+ Kd8 41.Kxc4 h5 42.Kc5 Kd7
43.h4 g6 44.Kc4 Kd8 45.Kb3 Kd7 46.Ka4 Kd8 47.a6 bxa6 48.Ka5 Kc8 49.Kxa6 Kb8
50.b7 c5 51.Kb5 Kxb7 52.Kxc5 Kc7  1/2-1/2

[Event "8th Asian Continental Women"]
[Site "Subic Bay PHI"]
[Date "2009.05.17"]
[Round "5"]
[White "Zhang Jilin"]
[Black "Hoang Thi Bao Tram"]
[Result "0-1"]
[WhiteElo "2335"]
[BlackElo "2239"]

1.Nf3 d5 2.g3 c6 3.Bg2 Nf6 4.O-O Bf5 5.d3 h6 6.Nbd2 e6 7.c4 Be7 8.a3 O-O
9.b3 Nbd7 10.Bb2 a5 11.Qc2 Bh7 12.Bc3 Qb6 13.Rfb1 Bc5 14.e3 Rfe8 15.Ne1 e5
16.b4 axb4 17.axb4 Bxe3 18.fxe3 Qxe3+ 19.Kh1 Ng4 20.h3 Nf2+ 21.Kh2 Nxd3 22.Qb3 Rxa1
23.Bxa1 Qxd2 24.Rd1 Qxb4 25.Rxd3 Qxe1 26.Rd1 Qe2 27.Qxb7 Qxd1 28.Qxd7 Ra8
29.cxd5 Be4 30.Bxe4 Ra2+ 31.Bg2 Qc2  0-1

[Event "8th Asian Continental Open"]
[Site "Subic Bay PHI"]
[Date "2009.05.18"]
[Round "6"]
[White "Wahono,A"]
[Black "Torre,E"]
[Result "0-1"]
[WhiteElo "2391"]
[BlackElo "2561"]

1.Nf3 d5 2.g3 c6 3.Bg2 Bg4 4.d3 Nd7 5.h3 Bh5 6.Nbd2 e5 7.a3 Ngf6 8.e4 Bd6
9.O-O O-O 10.Re1 Re8 11.b3 d4 12.Nf1 Nc5 13.Bd2 a5 14.Qc1 Nfd7 15.Nh4 Ne6
16.Nh2 a4 17.Nf5 Bf8 18.h4 f6 19.b4 b6 20.f4 c5 21.bxc5 bxc5 22.Rf1 c4 23.g4 Bf7
24.fxe5 Nxe5 25.dxc4 Rc8 26.Bb4 Rxc4 27.Qd2 Qc7 28.Rf2 Rc8 29.Rb1 h6 30.Rb2 Bxb4
31.Rxb4 Rxb4 32.Qxb4 d3 33.Ne7+ Kh7 34.Nxc8 dxc2 35.Rxc2 Qxc2 36.Nd6 Qd1+
37.Nf1 Qxg4 38.Nxf7 Nf4 39.Ne3 Qg3 40.Kh1 Ng4  0-1

[Event "8th Asian Continental Open"]
[Site "Subic Bay PHI"]
[Date "2009.05.18"]
[Round "6"]
[White "AlHuwar,J"]
[Black "Paragua,M"]
[Result "0-1"]
[WhiteElo "2293"]
[BlackElo "2529"]

1.Nf3 d5 2.g3 c6 3.Bg2 Nf6 4.O-O Bg4 5.c4 e6 6.d3 Nbd7 7.cxd5 cxd5 8.h3 Bxf3
9.Bxf3 Be7 10.Nc3 O-O 11.e4 dxe4 12.dxe4 Ne5 13.Bg2 Bc5 14.Bf4 Ng6 15.e5 Nd7
16.Na4 Be7 17.Bxb7 Rb8 18.Be4 Nxf4 19.gxf4 Rb4 20.Qc2 f5 21.Qc6 Rxe4 22.Qxe6+ Rf7
23.Rad1 Bf8 24.Qd5 Qe8 25.f3 Rxa4 26.e6 Nc5 27.exf7+ Qxf7 28.a3 a5 29.Rfe1 Rxf4
30.Kg2 Rc4 31.Re5 g6 32.Qxf7+ Kxf7 33.Rd8 Be7 34.Ra8 Rc2+ 35.Kf1 Nd3 36.Rexa5 Bc5
37.b4 Be3 38.Rb5 Nf4  0-1

[Event "Young Stars of the World"]
[Site "Kirishi RUS"]
[Date "2009.05.19"]
[Round "10"]
[White "Naroditsky,D"]
[Black "Bukavshin,I"]
[Result "1-0"]
[WhiteElo "2335"]
[BlackElo "2365"]

1.Nf3 d5 2.g3 c6 3.Bg2 Bg4 4.O-O Nd7 5.d4 e6 6.Nbd2 Bxf3 7.Bxf3 f5 8.c4 Ngf6
9.Qb3 Qb6 10.Qe3 e5 11.cxd5 cxd5 12.Bg2 e4 13.Bh3 g6 14.Nb3 a5 15.Qc3 a4
16.Nc5 Nxc5 17.dxc5 Bxc5 18.Bg5 O-O 19.Rad1 Rad8 20.e3 Kg7 21.Rc1 Bb4 22.Qc2 Qa5
23.Rfd1 Rd7 24.Rd4 h6 25.Bf4 Re8 26.Bc7 b6 27.a3 Bf8 28.Rxa4 Qc5 29.Qd1 Qb5
30.Bf1 Qxb2 31.Rb1 Qc3 32.Bxb6 Re6 33.Bd4 Qc7 34.Ra7 Qxa7 35.Bxa7 Rxa7 36.a4 Bc5
37.Rc1 Bb6 38.Bb5 Rd6 39.Rc6 Rxc6 40.Bxc6 Rc7 41.Bb5 g5 42.Qa1 f4 43.gxf4 gxf4
44.a5 Ra7 45.Qe5 Rxa5 46.Qe7+ Kg6 47.Be8+ Kf5 48.Bf7 fxe3 49.Qe6+ Kg5 50.h4+ Kxh4
51.Qxf6+ Kg4 52.Be6+ Kh5 53.Qf5+  1-0

[Event "Limpedea Cup"]
[Site "Baia Sprie ROM"]
[Date "2009.05.20"]
[Round "10"]
[White "Petkov,V"]
[Black "Manea,Al"]
[Result "1/2-1/2"]
[WhiteElo "2481"]
[BlackElo "2404"]

1.Nf3 d5 2.g3 Bg4 3.Bg2 c6 4.O-O Nd7 5.b3 e5 6.Bb2 Bd6 7.h3 Bh5 8.c4 d4 9.d3 Ne7
10.Na3 O-O 11.Nc2 a5 12.e3 c5 13.Na3 dxe3 14.fxe3 e4 15.dxe4 Bxg3 16.Qc2 Ng6
17.Rad1 Qe7 18.Nb5 Ra6 19.Rd5 Bxf3 20.Rxf3 Bb8 21.Ba3 Nh4 22.Rf2 Rg6 23.Nd4 Nxg2
24.Rxg2 b6 25.Nf5  1/2-1/2

[Event "18th CRO-Cup"]
[Site "Sibenik CRO"]
[Date "2009.05.21"]
[Round "2"]
[White "Sulava,N"]
[Black "Zovko,Mari"]
[Result "1-0"]
[WhiteElo "2521"]
[BlackElo "2179"]

1.Nf3 d5 2.g3 c6 3.Bg2 Bf5 4.O-O e6 5.b3 Be7 6.Bb2 Bf6 7.d4 Be7 8.Nbd2 Nf6
9.Nh4 Bg6 10.Nxg6 hxg6 11.c4 Nbd7 12.e3 O-O 13.Qe2 Qa5 14.a3 g5 15.b4 Qd8
16.c5 g4 17.h3 gxh3 18.Bxh3 Ne4 19.Nxe4 dxe4 20.Bg2 Nf6 21.f4 g6 22.g4 Qd5
23.Kf2 Ne8 24.Rh1 f5 25.Rh6 Kf7 26.g5 Rg8 27.Qc2 b5 28.a4 a6 29.axb5 cxb5
30.Bf1 Nc7 31.Be2 Rh8 32.Rah1 Rxh6 33.Rxh6 Bf8 34.Rh1 Bg7 35.Bc3 Rh8 36.Rxh8 Bxh8
37.Bd1 Bg7 38.Qb2 Bf8 39.Bb3 Qc6 40.d5 Nxd5 41.Bh8 Ke8 42.Ke2 Qd7 43.Qd4 Nc7
44.Qc3 Nd5 45.Bxd5 Qxd5 46.Bd4 Kd7 47.Qa1 Qc4+ 48.Kf2 Qc2+ 49.Ke1 Qa4 50.Qc3 Kc6
51.Qd2 Qb3 52.Kf2 Qc4 53.Bg7 Be7 54.Bf6 Bf8 55.Qd8 Qc2+ 56.Kg3 Bxc5 57.Qa8+ Kd6
58.Qxa6+ Kc7 59.Be5+ Kd8 60.Bf6+ Kc7 61.Be5+ Kd8 62.Qc6 Qe2 63.Bf6+ Be7 64.Qd6+ Kc8
65.Qxe6+ Kc7 66.Qxe7+ Kc6 67.Qe6+ Kc7 68.Be5+ Kd8 69.Qd6+  1-0

[Event "27th Liechtenstein Open"]
[Site "Triesen LIE"]
[Date "2009.05.22"]
[Round "8"]
[White "Kobler,M"]
[Black "Peredy,F"]
[Result "0-1"]
[WhiteElo "2096"]
[BlackElo "2234"]

1.g3 d5 2.Nf3 g6 3.Bg2 Bg7 4.c4 d4 5.d3 e5 6.Na3 Ne7 7.Rb1 c5 8.h4 h6 9.Bd2 Nbc6
10.Nc2 a5 11.b3 f5 12.Kf1 e4 13.Nfe1 O-O 14.dxe4 fxe4 15.Bxe4 Bf5 16.Bg2 Nb4
17.Bxb4 axb4 18.Bxb7 Rxa2 19.Nd3 Qd6 20.Ra1 Rxa1 21.Nxa1 Nc6 22.Kg2 Rf7 23.Bxc6 Qxc6+
24.f3 Re7 25.Nc2 g5 26.Kf2 g4 27.f4 Rxe2+ 28.Kxe2 Qf3+ 29.Kd2 Qxd3+ 30.Kc1 Qxb3
31.Rg1 d3  0-1

[Event "Champions League CAA"]
[Site "Buenos Aires ARG"]
[Date "2009.05.23"]
[Round "4"]
[White "Garcia,Rai"]
[Black "Rodriguez,JL"]
[Result "1/2-1/2"]
[WhiteElo "2348"]
[BlackElo "2393"]

1.Nf3 d5 2.g3 Nf6 3.Bg2 g6 4.c4 c6 5.cxd5 cxd5 6.d4 Bg7 7.Ne5 O-O 8.Nc3 e6
9.O-O Nfd7 10.Nf3 Nc6 11.Bf4 a6 12.Qd2 Nb6 13.b3 Qe7 14.Rac1 Qb4 15.Rfd1 Bd7
16.Bh6 Rac8 17.Bxg7 Kxg7 18.e3 Rc7 19.Ne1 Rfc8 20.Nd3 Qd6 21.Nc5 Be8 22.Ne2 Nd7
23.Qb2 Nxc5 24.Rxc5 b6 25.Rc3 Nb4  1/2-1/2

[Event "18th CRO-Cup"]
[Site "Sibenik CRO"]
[Date "2009.05.23"]
[Round "4"]
[White "Dizdarevic,E"]
[Black "Novakovic,D"]
[Result "1-0"]
[WhiteElo "2519"]
[BlackElo "2288"]

1.Nf3 d5 2.g3 g6 3.d4 Bg7 4.Bg2 Nf6 5.O-O O-O 6.c4 c6 7.b3 a5 8.Nc3 Ne4 9.Bb2 Nxc3
10.Bxc3 e6 11.Qc2 Nd7 12.e4 Nb6 13.Bb2 dxe4 14.Qxe4 a4 15.Qc2 Qc7 16.b4 Nd7
17.Rfe1 a3 18.Bc3 b5 19.c5 Nf6 20.Rab1 Rd8 21.Rb3 Nd5 22.Bd2 Ra4 23.h4 Bd7
24.h5 Be8 25.hxg6 hxg6 26.Qb1 Qb7 27.Rd3 Ne7 28.g4 Nd5 29.g5 Ne7 30.Ne5 Nf5
31.Bc3 Qc7 32.Qd1 Ne7 33.Qb1 Nf5 34.Bf3 Ra6 35.Re4 Rd5 36.Re2 Rd8 37.Qc2 Ra4
38.Qd2 Ne7 39.Qf4 Nd5 40.Bxd5 Rxd5 41.Rh3 Qe7 42.Qh4 Kf8 43.Rf3 Kg8 44.Re4 Ra8
45.Ref4 Bxe5 46.dxe5 Qf8 47.Qh2 Qe7 48.Rg4 Qd8 49.Qh6  1-0

[Event "8th Asian Continental Open"]
[Site "Subic Bay PHI"]
[Date "2009.05.23"]
[Round "11"]
[White "Kunte,A"]
[Black "Yu Yangyi"]
[Result "1/2-1/2"]
[WhiteElo "2513"]
[BlackElo "2433"]

1.Nf3 d5 2.g3 Nf6 3.Bg2 g6 4.O-O Bg7 5.d3 O-O 6.Nbd2 Nc6 7.c3 e5 8.Qc2 Re8
9.e4 a5 10.b3 b6 11.Rd1 h6 12.a3 Be6 13.Bb2 g5 14.exd5 Nxd5 15.Re1 g4 16.Nh4 Qd7
17.b4 axb4 18.cxb4 Rad8 19.Nc4 f6 20.b5 Nd4 21.Bxd4 exd4 22.a4 Qf7 23.Qd2 Nc3
24.Bc6 Re7 25.Nb2 f5 26.Ng2 Qf6 27.Nf4 Bf7 28.Nc4 Bxc4 29.dxc4 Kh7 30.Rxe7 Qxe7
31.Re1 Qf7 32.Qd3 Nxa4 33.Bd5 Rxd5 34.cxd5 Nc5 35.Qc2 Ne4 36.Rxe4 fxe4 37.Qxe4+ Kg8
38.Ne6 Qf3 39.Qg6 Qd1+  1/2-1/2

[Event "Chicago Open"]
[Site "Wheeling USA"]
[Date "2009.05.23"]
[Round "3"]
[White "Bradford,J"]
[Black "Rosen,E"]
[Result "1-0"]
[WhiteElo "2419"]
[BlackElo "2142"]

1.Nf3 d5 2.g3 Nf6 3.Bg2 e6 4.O-O Be7 5.d4 O-O 6.c4 dxc4 7.Qc2 a6 8.Bg5 Bd7
9.Qxc4 Bc6 10.Rd1 b5 11.Qc1 Bb7 12.Nbd2 Nbd7 13.Nb3 Bd5 14.Ne5 Bxg2 15.Kxg2 Nxe5
16.dxe5 Nd5 17.Bxe7 Qxe7 18.e4 Nb6 19.Qc5 Qxc5 20.Nxc5 Nc4 21.Nd3 Rfd8 22.b3 Nb6
23.Nb4 Rxd1 24.Rxd1 Kf8 25.Nc6 Ke8 26.Kf3 Nd7 27.Ke3 Rc8 28.Rc1 Ra8 29.f4 Rc8
30.Na7 Rb8 31.Rxc7 Kd8 32.Rc2 Rb7 33.Rc8+  1-0

[Event "Doroshkevicha Mem"]
[Site "Belorechensk RUS"]
[Date "2009.05.24"]
[Round "2"]
[White "Vastrukhin,O"]
[Black "Bryzgalin,K"]
[Result "1/2-1/2"]
[WhiteElo "2300"]
[BlackElo "2497"]

1.Nf3 d5 2.g3 Nf6 3.Bg2 c6 4.O-O Bg4 5.Ne5 Bh5 6.d4 Nbd7 7.c4 e6 8.Nc3 Be7
9.Qb3 Qb6 10.Nxd7 Nxd7 11.e4 dxe4 12.Nxe4 Nf6 13.Nxf6+ Bxf6 14.d5 O-O 15.Be3 c5
16.dxe6 fxe6 17.Qb5 Bxb2 18.Rab1 Qxb5 19.cxb5 Bd4 20.Bxb7 Rab8 21.Bc6 Bg6
22.Rbc1 Bd3 23.Bxd4 cxd4 24.Rfd1 Bxb5  1/2-1/2

[Event "18th CRO-Cup"]
[Site "Sibenik CRO"]
[Date "2009.05.24"]
[Round "5"]
[White "Stevic,H"]
[Black "Pavasovic,D"]
[Result "1/2-1/2"]
[WhiteElo "2617"]
[BlackElo "2607"]

1.Nf3 d5 2.g3 Bg4 3.Bg2 Nd7 4.O-O c6 5.d3 Ngf6 6.Nbd2 e5 7.e4 dxe4 8.dxe4 Bc5
9.h3 Bh5 10.Qe1 O-O 11.Nb3 Bxf3 12.Bxf3 Bb6 13.a4 a6 14.a5 Ba7 15.Be3 Bxe3
16.Qxe3 Qc7 17.Be2 Rfd8 18.Bc4 Ne8 19.Nd2 Ndf6 20.Bb3 Nd6 21.Kg2 Rd7 22.Rfe1 Rad8  1/2-1/2

[Event "18th CRO-Cup"]
[Site "Sibenik CRO"]
[Date "2009.05.24"]
[Round "5"]
[White "Vukoje,V"]
[Black "Medic,Mir"]
[Result "1/2-1/2"]
[WhiteElo "2276"]
[BlackElo "2313"]

1.Nf3 d5 2.g3 c6 3.Bg2 Bg4 4.c4 e6 5.Qb3 Bxf3 6.Bxf3 Qb6 7.Qc2 Nf6 8.O-O Nbd7
9.cxd5 cxd5 10.d3 Bd6 11.Be3 Qa6 12.Nc3 O-O 13.Qb3 Rfc8 14.Rac1 Bc5 15.d4 Be7
16.Nb5 Qb6 17.Bf4 Ne8 18.Qa4 Rc6 19.e4 Ndf6 20.exd5 Nxd5 21.Bxd5 exd5 22.Rfe1 Bf6
23.Nc3 Bxd4 24.Nxd5 Qxb2 25.Rf1 Bxf2+ 26.Rxf2 Rxc1+ 27.Kg2 Qb1 28.Ne7+ Kh8
29.Bxc1 Qxc1 30.Rxf7 Nf6 31.Qd4 Qa3 32.Rxf6 Qxe7 33.Rf2 a6 34.Rd2 h6 35.Qg4 Rf8
36.Qe2 Qf6 37.Rd1 Qc6+ 38.Kg1 b5 39.Rf1 Re8 40.Qf3 Qc4 41.Rf2 a5 42.Qa3 Re1+
43.Kg2 Qd5+ 44.Kh3 b4 45.Qf3 Qxf3 46.Rxf3 a4 47.Rf4 Rb1 48.a3 Kh7 49.Rc4 Kg6
50.Rc6+ Kf5 51.Ra6 bxa3 52.Ra5+ Ke6 53.Rxa4 Ra1 54.Kg4 Kf6 55.h4 a2 56.Kh5 Rg1
57.Rxa2 Rxg3 58.Rf2+ Ke6 59.Re2+ Kf5 60.Re5+ Kxe5  1/2-1/2

[Event "18th CRO-Cup"]
[Site "Sibenik CRO"]
[Date "2009.05.24"]
[Round "5"]
[White "Viskic,P"]
[Black "Jakic,I"]
[Result "1-0"]
[WhiteElo "2225"]
[BlackElo "2416"]

1.Nf3 d5 2.g3 g6 3.Bg2 Bg7 4.O-O Nf6 5.c4 d4 6.d3 c5 7.b4 O-O 8.bxc5 Nc6
9.Nbd2 e5 10.Nb3 Re8 11.Bb2 Bf5 12.Ng5 Qd7 13.Nd2 h6 14.Nge4 Bh3 15.Rb1 Rab8
16.Ba3 Bxg2 17.Kxg2 Nh5 18.Nd6 Re7 19.e4 dxe3 20.fxe3 f5 21.Qe2 Nd8 22.Rb3 Nf7
23.Nxf5 Qc6+ 24.e4 Rd7 25.Nd6 Ng5 26.h4 Ne6 27.Qg4 Nf8 28.Rfb1 Re7 29.Nf1 Ne6
30.Ne3 Nxc5 31.Qxg6 Nxb3 32.Nd5 Rd7 33.Rxb3 Rf8 34.Qxh5 Qa4 35.Qg6  1-0

[Event "Chicago Open"]
[Site "Wheeling USA"]
[Date "2009.05.24"]
[Round "5"]
[White "Bradford,J"]
[Black "Yang,Dar"]
[Result "1/2-1/2"]
[WhiteElo "2419"]
[BlackElo "2231"]

1.Nf3 d5 2.g3 Nf6 3.Bg2 c6 4.d3 Bg4 5.Nbd2 e6 6.h3 Bh5 7.O-O Be7 8.b3 O-O
9.Bb2 Nbd7 10.c4 a5 11.a3 Rc8 12.Rc1 Bd6 13.Rc2 Qe7 14.Qc1 Rcd8 15.Re1 e5
16.cxd5 cxd5 17.Nh4 Bg6 18.Nxg6 hxg6 19.Qa1 Rc8 20.Rxc8 Rxc8 21.Rc1  1/2-1/2

[Event "Doroshkevicha Mem"]
[Site "Belorechensk RUS"]
[Date "2009.05.25"]
[Round "3"]
[White "Gladkiy,D"]
[Black "Lugovskoy,M"]
[Result "0-1"]
[WhiteElo "2314"]
[BlackElo "2016"]

1.Nf3 d5 2.g3 Nf6 3.Bg2 e6 4.O-O Be7 5.c4 O-O 6.b3 c5 7.Bb2 b6 8.Ne5 Bb7
9.f4 Nc6 10.e3 Qc7 11.Qe2 Rad8 12.d3 Nd7 13.Nxd7 Qxd7 14.Qg4 f6 15.Na3 Rf7
16.Rad1 f5 17.Qe2 Bf6 18.Bxf6 Rxf6 19.Nc2 Qc7 20.cxd5 exd5 21.d4 c4 22.bxc4 Ba6
23.Na3 dxc4 24.Nc2 b5 25.d5 Ne7 26.Rd4 Qc5 27.Rfd1 b4 28.Qe1 Rb6 29.d6 Rdxd6
30.Rxd6 Rxd6 31.Rxd6 Qxd6 32.Nxb4 Bb5 33.Qc3 h6 34.Kf2 Qd1 35.Bf1 Kh7 36.Bxc4 Bxc4
37.Qxc4 Qd2+ 38.Kg1 Qxe3+ 39.Kg2 Qd2+ 40.Kg1 Qd1+ 41.Kg2 a5 42.Nd3 Qe2+ 43.Kg1 Qe3+
44.Kg2 a4 45.Nf2 a3 46.Qd3 Qc5 47.h4 Nc6 48.Kg1 Nd4 49.Kh2 Qd5 50.Kh3 Qxa2
51.Qxd4 Qb1 52.Qc5 a2 53.Nd1 a1=Q  0-1

[Event "Subic Open"]
[Site "Subic PHI"]
[Date "2009.05.25"]
[Round "1"]
[White "Nguyen Thanh Son"]
[Black "Arvind,C"]
[Result "1/2-1/2"]
[WhiteElo "2362"]
[BlackElo "2275"]

1.Nf3 d5 2.g3 Nf6 3.Bg2 c6 4.O-O Bg4 5.Ne5 Bh5 6.c4 Nbd7 7.d4 e6 8.Nc3 Be7
9.Qb3 Qb6 10.Bg5 Qxb3 11.axb3 h6 12.Nxd7 Kxd7 13.Bxf6 Bxf6 14.e3 Bg6 15.Rfc1 Rhd8
16.Bf1 Ke8 17.Ra5 Be7 18.Rca1 a6 19.Rc1 Bb4 20.Ra4 Bd6 21.Raa1 Rac8 22.Na4 Rc7
23.cxd5 exd5 24.Nc5 Bxc5 25.Rxc5 Re7 26.b4 Kf8 27.Be2 Rde8 28.Kf1 Bf5 29.h4 g5
30.hxg5 hxg5 31.Ke1 f6 32.g4 Bc8 33.Kd2 Rh7 34.Rcc1 Rh2 35.f3 Kg7 36.Rh1 Reh8
37.Rxh2 Rxh2 38.b5 axb5 39.Ra8 Bd7 40.Rd8 Be6 41.Rb8 Kf7 42.Rxb7+ Ke8 43.Ra7 Bd7
44.Ra1 Ke7 45.Re1 Be8 46.Kc3 Bg6 47.b3 Kd6 48.Bd1 Rh8 49.Kb4 Re8 50.Kc3 Re7
51.Re2 Re8 52.Kd2 Ra8 53.Kc3 Ra1 54.Rd2 Kc7 55.Kb4 Kd6 56.Be2 Rc1 57.Ra2 Rc2
58.Rxc2 Bxc2 59.Kc3 Bb1 60.Bf1 Bg6 61.Bg2 Bf7 62.Kb4 Bg6 63.Kc3 Bf7 64.b4 Bg6
65.e4 Bf7 66.Kd3 Be6 67.Bh3 dxe4+ 68.fxe4 Bb3 69.Kd2 Be6 70.Ke3 Bb3 71.Kf2 Be6
72.Kf3 Bd7 73.Bf1 Be6 74.Be2 Bb3 75.Ke3 Be6  1/2-1/2

[Event "Doroshkevicha Mem"]
[Site "Belorechensk RUS"]
[Date "2009.05.28"]
[Round "6"]
[White "Piven,V2"]
[Black "Elizarov,D"]
[Result "0-1"]
[WhiteElo "2115"]
[BlackElo "2340"]

1.Nf3 d5 2.g3 Nf6 3.Bg2 e6 4.O-O Be7 5.d3 O-O 6.Nbd2 b6 7.e4 c5 8.Ne5 Bb7
9.exd5 exd5 10.Re1 Re8 11.Nf1 Nbd7 12.Bg5 Nf8 13.c3 Ne6 14.Bxf6 Bxf6 15.Ng4 Be7
16.Nfe3 Rc8 17.c4 Nc7 18.d4 cxd4 19.Qxd4 Bc5 20.Qf4 Bd6 21.Qf5 Qe7 22.cxd5 Qf8
23.Be4 Rxe4 24.Qxe4 Re8 25.Qf5 Bc8 26.Qh5 f5 27.h3 fxg4 28.Nxg4 Bc5 29.Rxe8 Nxe8
30.Re1 Bxg4 31.Qxe8 Bxf2+ 32.Kh2 Bxe1 33.Qxe1 Bd7 34.Qd2 Qd6 35.Qg5 Be8 36.Qf5 Bd7
37.Qg5 h6 38.Qd8+ Kh7 39.Qa8 a5 40.Qb7 Be8 41.Qc8 Bg6 42.Qc6 Qxc6 43.dxc6 Be4
44.c7 Bb7 45.h4 Kg6 46.g4 Kf6 47.Kg3 Ke5 48.h5 Bc8 49.Kh4 Kf4  0-1

[Event "Doroshkevicha Mem"]
[Site "Belorechensk RUS"]
[Date "2009.05.29"]
[Round "7"]
[White "Kornilov,P"]
[Black "Kiriushin,V"]
[Result "0-1"]
[WhiteElo "2105"]
[BlackElo "2195"]

1.Nf3 d5 2.g3 c5 3.Bg2 Nc6 4.d4 e6 5.O-O cxd4 6.Nxd4 Bc5 7.Nxc6 bxc6 8.c4 Nf6
9.Qc2 Qc7 10.Bg5 Nd7 11.Nc3 h6 12.Bd2 Qd8 13.Na4 Be7 14.Rfd1 Ba6 15.b3 O-O
16.Bc3 Rc8 17.Rd2 Qc7 18.Qb2 Nf6 19.Rc1 dxc4 20.b4 Rfd8 21.Rxd8+ Rxd8 22.Nc5 Bxc5
23.bxc5 Rb8 24.Qd2 Nd5 25.Ba5 Qe7 26.e4 Nf6 27.Qd4 Rb5 28.Bc3 Rb7 29.Bf1 e5
30.Qxe5 Qxe5 31.Bxe5 Nxe4 32.Bd4 Rb4 33.f3 Ng5 34.Rc3 Rb2 35.a3 Bb5 36.h4 Ne6
37.Be3 Rb3 38.Bd2 Nxc5 39.Re3 Rb1 40.Bc3 Na4 41.Kf2 Rc1 42.Bd4 c5 43.Be5 a6
44.Bf4 Rc2+ 45.Ke1 c3 46.Bxb5 axb5 47.Kd1 Rg2 48.Re8+ Kh7 49.Rb8 c2+ 50.Ke1 Nc3
51.Bd2 Nb1  0-1

[Event "Copper State Int"]
[Site "Mesa USA"]
[Date "2009.05.29"]
[Round "2"]
[White "Altounian,L"]
[Black "Pruess,D"]
[Result "1-0"]
[WhiteElo "2454"]
[BlackElo "2400"]

1.Nf3 d5 2.g3 Nf6 3.Bg2 c6 4.O-O Bg4 5.d4 Nbd7 6.Nbd2 e6 7.Re1 Be7 8.e4 O-O
9.c3 c5 10.exd5 Nxd5 11.Nc4 Qc7 12.Ne3 Nxe3 13.Bxe3 Rad8 14.Qa4 Nb6 15.Qa5 Bxf3
16.Bxf3 cxd4 17.Bxd4 Rd7 18.Rad1 Nc4 19.Qxc7 Rxc7 20.b3 Nd6 21.Rd3 Rd8 22.Bxa7 Nb5
23.Rxd8+ Bxd8 24.Rd1 Bf6 25.Bb6 Rxc3 26.Bxb7 Na3 27.Be4 Be7 28.Rd7 Bf8 29.Kg2 f5
30.Bd3 Rc1 31.Rc7 Rd1 32.Bc4 Rd6 33.Be3 g6 34.Rc8 Nxc4 35.Bh6  1-0

[Event "TOP 16 Poule Haute"]
[Site "Le Port Marly FRA"]
[Date "2009.05.30"]
[Round "10"]
[White "Aguettaz,M"]
[Black "Brunner,N"]
[Result "1/2-1/2"]
[WhiteElo "2396"]
[BlackElo "2398"]

1.Nf3 d5 2.g3 Nf6 3.Bg2 c6 4.b3 Bf5 5.Bb2 e6 6.O-O h6 7.d3 Be7 8.Nbd2 O-O
9.c4 Bh7 10.Rc1 Nbd7 11.Rc2 a5 12.a3 Qb6 13.Qa1 Rfd8 14.cxd5 exd5 15.Bh3 Ne8
16.Rfc1 Bf6 17.Bd4 Qc7 18.Qb2 Bxd4 19.Nxd4 Nef6 20.N2f3 Qd6 21.Nf5 Bxf5 22.Bxf5 Re8  1/2-1/2

[Event "3rd ENCI Limburg Open"]
[Site "Maastricht NED"]
[Date "2009.05.30"]
[Round "2"]
[White "Heltzel,J"]
[Black "Lagrain,J"]
[Result "1-0"]
[WhiteElo "2267"]
[BlackElo "2067"]

1.Nf3 d5 2.g3 Nf6 3.Bg2 e6 4.O-O Be7 5.d3 O-O 6.Nbd2 c5 7.e4 Nc6 8.e5 Nd7
9.Re1 Qc7 10.Qe2 b5 11.Nf1 a5 12.Bf4 Ba6 13.h4 Rfc8 14.N1h2 b4 15.Ng4 Qa7
16.Qd2 c4 17.d4 c3 18.bxc3 bxc3 19.Qd1 Rab8 20.h5 Rb4 21.Be3 Bd8 22.a3 Ra4
23.Qc1 Bb6 24.Bh6 g6 25.Bg7 Nxd4 26.Bf6 Nxf3+ 27.Bxf3 Nxf6 28.exf6 Bc5 29.hxg6 hxg6
30.Qh6 Bf8 31.Qh3 Qc5 32.Kg2 d4 33.Re5  1-0

[Event "3rd ENCI Limburg Open"]
[Site "Maastricht NED"]
[Date "2009.05.30"]
[Round "2"]
[White "Wigger,J"]
[Black "Van Gool,H"]
[Result "1-0"]
[WhiteElo "2309"]
[BlackElo "2125"]

1.Nf3 d5 2.g3 c6 3.Bg2 Bg4 4.d4 Nd7 5.Nbd2 Ngf6 6.O-O e6 7.Re1 Be7 8.e4 dxe4
9.Nxe4 Nxe4 10.Rxe4 Nf6 11.Re1 O-O 12.c3 h6 13.Qb3 Bxf3 14.Bxf3 Qb6 15.Qxb6 axb6
16.c4 Rfd8 17.Be3 Rd7 18.a4 Ra6 19.b3 Bb4 20.Red1 Kf8 21.Rac1 Ra8 22.Kf1 Rc8
23.Ke2 Ke7 24.g4 g5 25.Rh1 Bd6 26.h4 Rg8 27.hxg5 hxg5 28.Bd2 e5 29.Bc3 e4
30.Bg2 Bf4 31.Rcd1 Rdd8 32.Rde1 b5 33.Bxe4 Nxe4 34.Kd3 bxc4+ 35.bxc4 Kd7
36.Rxe4 Rh8 37.Ree1 Rh4 38.Rxh4 gxh4 39.Rh1 Rh8 40.Rh3 Bg5 41.Ke4 Bf6 42.Bd2 Re8+
43.Kd3 Ra8 44.g5 Bd8 45.Rxh4 Rxa4 46.Rh8 b5 47.c5 Ra3+ 48.Ke4 Ra2 49.Be3 b4
50.Rh1 Re2 51.Rb1 Ba5 52.f4 Ra2 53.f5 Ke7 54.d5 cxd5+ 55.Kxd5 Re2 56.Bd4 Rg2
57.Ra1 Rxg5 58.Rxa5 Rxf5+ 59.Kc4  1-0

[Event "12th IHEM"]
[Site "Hamburg GER"]
[Date "2009.05.31"]
[Round "2"]
[White "Wohl,A"]
[Black "Rogozenco,D"]
[Result "1/2-1/2"]
[WhiteElo "2376"]
[BlackElo "2546"]

1.Nf3 d5 2.g3 c6 3.Bg2 Bg4 4.c4 e6 5.O-O Nd7 6.cxd5 exd5 7.d3 Ngf6 8.Nc3 Be7
9.h3 Bxf3 10.Bxf3 d4 11.Ne4 O-O 12.Qb3 Qb6 13.Nxf6+  1/2-1/2

[Event "TOP 16 Poule Basse"]
[Site "Le Port Marly FRA"]
[Date "2009.05.31"]
[Round "11"]
[White "Giffard,N"]
[Black "Reinhart,E"]
[Result "1/2-1/2"]
[WhiteElo "2377"]
[BlackElo "2329"]

1.Nf3 d5 2.g3 c6 3.Bg2 Nf6 4.O-O Bf5 5.d3 h6 6.Nc3 e6 7.Nd2 Bc5 8.e4 Bg6
9.Qe1 O-O 10.Kh1 b5 11.Nb3 Bb6 12.a4 b4 13.Ne2 a5 14.Nf4 Bh7 15.e5 Nfd7 16.Nh5 Bg6
17.Qe2 Na6 18.f4 Qc7 19.g4 Bxh5 20.gxh5 f5 21.Be3 Qa7 22.Bxb6 Qxb6 23.Rg1 Rf7
24.Bf3 Nf8 25.Rg3 Nc5 26.Nc1 Rd8 27.Qf1 Na6 28.Ne2 c5 29.Qf2 Nb8 30.Rag1 Nc6
31.b3 Nd4 32.Nxd4 cxd4 33.R1g2 Qa7  1/2-1/2

[Event "3rd ENCI Limburg Open"]
[Site "Maastricht NED"]
[Date "2009.05.31"]
[Round "5"]
[White "Kunin,V"]
[Black "Driessens,P"]
[Result "1-0"]
[WhiteElo "2533"]
[BlackElo "2281"]

1.Nf3 d5 2.g3 c6 3.Bg2 Bg4 4.d4 Nd7 5.Nbd2 Ngf6 6.O-O e6 7.Re1 Be7 8.e4 dxe4
9.Nxe4 O-O 10.c3 Nxe4 11.Rxe4 Nf6 12.Re1 h6 13.Qb3 Qb6 14.Ne5 Bf5 15.Nc4 Qxb3
16.axb3 a6 17.Na5 Ra7 18.b4 Nd5 19.Bd2 Rd8 20.Nb3 Nb6 21.Bf4 Nd5 22.Bd2 Nb6
23.Nc5 Nd7 24.Bf4 Nxc5 25.bxc5 g5 26.Bc1 Raa8 27.h3 h5 28.b4 Rac8 29.Ra2 Bf6
30.f3 Bd3 31.g4 hxg4 32.fxg4 Kg7 33.Rf2 Rd7 34.Re3 Bc4 35.Be4 Re8 36.Bc2 Ra8
37.Rxf6 Kxf6 38.Rf3+ Kg7 39.Bxg5 f5 40.Bf4 Rf7 41.Be5+ Kh6 42.Kh2 Rg8 43.Rf2 Rgf8
44.Bf4+ Kg7 45.Rg2 Kh7 46.h4 Bd5 47.Rg1 Be4 48.g5 Kg6 49.Bd1 Rh7 50.h5+ Rxh5+
51.Bxh5+ Kxh5 52.g6 Rg8 53.g7 Bf3 54.Rg5+ Kh4 55.Rg6 Kh5 56.Rh6+ Kg4 57.Be5  1-0

[Event "ch-UZB"]
[Site "Tashkent UZB"]
[Date "2009.05.31"]
[Round "3"]
[White "Khamrakulov,D"]
[Black "Filippov,An UZB"]
[Result "1/2-1/2"]
[WhiteElo "2524"]
[BlackElo "2584"]

1.Nf3 d5 2.g3 Bg4 3.Bg2 Nd7 4.O-O c6 5.d3 Ngf6 6.Nbd2 e5 7.e4 dxe4 8.dxe4 Be7
9.Qe2 O-O 10.h3 Bh5 11.Rd1 Qc7 12.g4 Bg6 13.Nh4 Nc5 14.Nxg6 hxg6 15.Nb3 Rfd8
16.Nxc5 Bxc5 17.Be3 Bb6 18.Bg5 Rxd1+ 19.Rxd1 Rd8 20.Rxd8+ Qxd8 21.Qd2 Qe7
22.c3 Qe6 23.b3 Kf8 24.Bf3 Ke8 25.Be3 Qd7 26.Qxd7+ Nxd7 27.Bxb6 Nxb6 28.h4 Ke7
29.Kg2 Nd7 30.Be2 Nc5 31.f3  1/2-1/2

[Event "Copper State Int"]
[Site "Mesa USA"]
[Date "2009.06.01"]
[Round "6"]
[White "Izoria,Z"]
[Black "Boor,C"]
[Result "1-0"]
[WhiteElo "2619"]
[BlackElo "2291"]

1.g3 d5 2.Nf3 g6 3.Bg2 Bg7 4.c4 e6 5.O-O Ne7 6.d4 O-O 7.e3 b6 8.cxd5 exd5
9.b4 c5 10.bxc5 bxc5 11.Ba3 Na6 12.Nbd2 Nb4 13.Bxb4 cxb4 14.a3 a5 15.Qb3 Nc6
16.Rfc1 Bb7 17.Qa4 Qe8 18.Qb5 Rb8 19.axb4 axb4 20.Nb3 Nxd4 21.Nfxd4 Qxb5
22.Nxb5 Bxa1 23.Rxa1 Ra8 24.Rb1 Ba6 25.N3d4 Bxb5 26.Nxb5 Ra5 27.Nd4 Rc8 28.Bf3 Rc7
29.Rxb4 Kg7 30.Rb6 Rd7 31.g4 h6 32.Kg2 Rc5 33.h4 Ra5 34.h5  1-0